000
00198nam a2200097Ia 4500
008
240331s9999 xx 000 0 und d
082
_b
JAY
100
_a
Jayarasah, S
245
0
_a
Alakiyal
942
_c
L
999
_c
3686
_d
3686